000 00436nam a2200181Ia 4500
001 1573
005 20260306143738.0
008 260306t2010||||xx |||||||||||||| ||spa||
041 _aESP
082 _a152
_bC28F
100 _aCarlson, Neil R.
_eAUT
245 0 _aFundamentos de fisiologĂ­a de la conducta
260 _c2010
300 _axix, 496 páginas :
_c27 cm.
650 _aGEN
654 _aCPS
942 _cLIB
_dJUS
_fJUS
_2ddc
_n
999 _c1573
_d1573